000 00747nam a22002177a 4500
003 0
005 20251028081354.0
008 251028b xxu||||| |||| 00| 0 eng d
020 _a978-1-77956-445-0
050 _aG 156.5.R87
_b.K35 2025
100 _aKalacas, Maria Rellie B.,
_eauthor.
245 _aRural tourism development :
_bopportunities and challenges /
_cMaria Rellie B. Kalacas.
260 _aBurlington, ON :
_bSociety Publishing,
_c2025.
300 _aix, 410 pages :
_bcolored illustrations ;
_c24 cm.
504 _aIncludes bibliographical references and index.
650 _aRural tourism.
650 _aSustainable tourism.
650 _aCommunity development
_xRural areas.
650 _aRural development.
942 _2lcc
_cBK
999 _c368360
_d368360